Statistics for Geographical Places Difficult to Spell

Click here to take the quiz!

General Stats

  • This quiz has been taken 91 times
    (71 since last reset)
  • The average score is 7 of 14

Answer Stats

Clue Answer % Correct
Longest river in the USMississippi
93%
Sea between Europe and AfricaMediterranean Sea
80%
Capital of FloridaTallahassee
78%
Country whose capital is Sarajevo (full name)Bosnia and Herzegovina
76%
Country whose capital is BishkekKyrgyzstan
76%
Capital of Burkina FasoOuagadougou
65%
Biggest city in New MexicoAlbuquerque
56%
Capital of the Ivory CoastYamoussoukro
51%
Peninsula in the Russian Far EastKamchatka
45%
Most famous Inca citadelMachu Picchu
40%
Capital of Sri LankaSri Jayawardenepura Kotte
29%
Mexican city; the name means "warm waters"Aguascalientes
25%
Highest mountain in AustraliaMount Kosciuszko
24%
Welsh Town; 58 letters!Llanfairpwllgwyngyllgogerychwyrndrobwllllantysiliogogogoch
7%

Score Distribution

Percentile by Number Answered

Percent of People with Each Score

Your Score History

You have not taken this quiz since the last reset